| 000 | 00725nam a22002297a 4500 | ||
|---|---|---|---|
| 005 | 20170124110012.0 | ||
| 010 | _aA-066663 | ||
| 020 | _c00.00 | ||
| 035 | _aA-066663 | ||
| 037 | _bCen Lib/Ret | ||
| 040 |
_aDPL _bEN |
||
| 082 |
_a331.01 _bSHA |
||
| 100 |
_aSharma, M.C. _917966 |
||
| 245 |
_aKnowledge class : _bnew theory of proletarian revolution / _cby M.C. Sharma |
||
| 260 |
_aNew Delhi _bMarwah Publications _c1981 |
||
| 270 |
_aH-39, Green Park Extentsion _bNew Delhi _e110016 |
||
| 300 |
_axiii, 250p. : _c21cm(Hb) |
||
| 500 | _aincludes bibliographical references and index | ||
| 650 |
_aSocialist revolution _917967 |
||
| 650 |
_aLobour power _917968 |
||
| 942 |
_2ddc _cEN _h331.01 _mSHA |
||
| 999 |
_c126605 _d126605 |
||